| 000 | 02557nam0a2200397 i 4500 | ||
|---|---|---|---|
| 001 | RU\NLR\BIBL_A\010667738 | ||
| 005 | 20241105183001.0 | ||
| 010 |
_a9785904525194 _9100 |
||
| 021 |
_aRU _b2014-93213 _95670 |
||
| 035 | _a(NILC)RuMoRGB-007835940 | ||
| 035 | _a(NLR Aleph) 010667738 | ||
| 090 |
_a9592228 _c9592228 |
||
| 100 | _a20150206d2013 km y0rusy50 ca | ||
| 101 | 0 | _arus | |
| 102 | _aRU | ||
| 105 | _aa z 100yy | ||
| 200 | 1 |
_aАнтропологическое осмысление тенденций переустройства и роста народонаселения Западной Сибири _eРегиональная научно-практическая конференция (Сургут, 24 мая 2013 года) _eматериалы _f[сост.: Симоненко Н. И., Зеленцова С. Ю.] _gпод общ. ред. Г.В. Патраковой, к.п.н., к.ф.н. |
|
| 210 |
_aСургут _cИздательско-полиграфический комплекс _d2013 |
||
| 215 |
_a207 с. _cил. _d21 |
||
| 300 | _aВ надзаг.: М-во образования и науки Российской Федерации, Сургут. ин-т экономики, упр. и права (фил. ) Федерал. гос. бюджет. образоват. учреждения высш. проф. образования "Тюмен. гос. ун-т" | ||
| 320 | _aБиблиогр. в конце ст. | ||
| 607 |
_aСибирь Западная _jСъезды, совещания и т.п _xСоциокультурное развитие _92233391 _3RU\NLR\AUTH\661340444 |
||
| 607 |
_aСибирь Западная _jСъезды, совещания и т.п _xНаселение _91701669 _3RU\NLR\AUTH\66757562 |
||
| 686 | 1 | _aС550.2я431 | |
| 686 | 1 | _aТ3(2Р53)я431 | |
| 686 | 1 | _aС73(2Р53)74я431 | |
| 702 | 1 |
_aСимоненко _bН. И. _4220 |
|
| 702 | 1 |
_aПатракова _bГ. В. _gГалина Васильевна _4340 |
|
| 711 | 1 | 2 |
_a"Антропологическое осмысление тенденций переустройства и роста народонаселения Западной Сибири", региональная научно-практическая конференция _eСургут _f2013 _9444249 _3RU\NLR\AUTH\880389200 |
| 801 | 0 |
_aRU _bРГБ _c20141209 _gRCR |
|
| 801 | 1 |
_aRU _bРГБ _c20141209 _2rusmarc |
|
| 942 | _cBOOK | ||
| 980 | _aNBR | ||